书目信息 |
| 题名: |
关于建国以来党的若干历史问题的决议
|
|
| 作者: | ;中共中央文献研究室 编 | |
| 分册: | ||
| 出版信息: | 北京 人民出版社 1985 |
|
| 页数: | 640页 | |
| 开本: | 19cm | |
| 丛书名: | ||
| 单 册: | ||
| 中图分类: | D229 , D22 | |
| 科图分类: | ||
| 主题词: | 党史 | |
| 电子资源: | ||
| ISBN: | ||
| 000 | 00792nam0 2200265 450 | |
| 001 | 1554667928 | |
| 005 | 20150120151154.01 | |
| 010 | @dCNY2.90 | |
| 091 | @a3001.1869 | |
| 100 | @a19931115d1985 em y0chiy0110 ea | |
| 101 | 0 | @achi |
| 102 | @aCN@b110000 | |
| 105 | @ay z 000yy | |
| 200 | 1 | @a关于建国以来党的若干历史问题的决议@9guan yu jian guo yi lai dang de ruo gan li shi wen ti de jue yi@e注释本@f中共中央文献研究室编 |
| 205 | @b修订版 | |
| 210 | @a北京@c人民出版社@d1985 | |
| 215 | @a640页@d19cm | |
| 601 | 0 | @a中国共产党@x党史@x史料 |
| 601 | 0 | @2CT@3S096238@a中国共产党 |
| 606 | 0 | @a党史 |
| 690 | @aD229@v5 | |
| 690 | @aD22@v4 | |
| 711 | 02 | @a中共中央文献研究室@9zhong gong zhong yang wen xian yan jiu shi@4编 |
| 801 | 0 | @aCN@bTSSF@c20150120 |
| 905 | @aZUCC@dD22@eJY22 | |
| 关于建国以来党的若干历史问题的决议:注释本/中共中央文献研究室编.-修订版.-北京:人民出版社,1985 |
| 640页;19cm |
| ISBN :CNY2.90 |
| ● |
| 相关链接 |
|
|
|
|
正题名:关于建国以来党的若干历史问题的决议
索取号:D22/JY22
 
预约/预借
| 序号 | 登录号 | 条形码 | 馆藏地/架位号 | 状态 | 备注 |
| 1 | 7836275 | 278362754 | 学院路分馆/ [索取号:D22/JY22] | 在馆 |